Catálogo
 En Linea

Problems of women´s liberation / (Registro nro. 32779)

Detalles MARC
000 -CABECERA
campo de control de longitud fija 00522nam a2200193 a 4500
001 - NÚMERO DE CONTROL
campo de control 000033288
005 - FECHA Y HORA DE LA ÚLTIMA TRANSACCIÓN
campo de control 20200930070143.0
008 - DATOS DE LONGITUD FIJA--INFORMACIÓN GENERAL
campo de control de longitud fija 100217s1970 xxu 000 0 spa d
020 ## - NÚMERO INTERNACIONAL ESTÁNDAR DEL LIBRO
Número Internacional Estándar del Libro 0873481674
041 1# - CÓDIGO DE LENGUA
Código de lengua del texto/banda sonora o título independiente eng
082 ## - NÚMERO DE LA CLASIFICACIÓN DECIMAL DEWEY
Número de clasificación xxxx
049 ## - FONDOS LOCALES (OCLC)
Fondos de biblioteca BNPD
040 ## - FUENTE DE LA CATALOGACIÓN
Centro catalogador/agencia de origen DO-SdBNP
100 1# - ENTRADA PRINCIPAL--NOMBRE DE PERSONA
Nombre de persona Reed, Evelyn
9 (RLIN) 58898
245 10 - MENCIÓN DE TÍTULO
Título Problems of women´s liberation /
Mención de responsabilidad, etc. Evelyn Reed.
250 ## - MENCIÓN DE EDICIÓN
Mención de edición 2a ed.
260 ## - PUBLICACIÓN, DISTRIBUCIÓN, ETC.
Lugar de publicación, distribución, etc. New York :
Nombre del editor, distribuidor, etc. Pathfindr Press,
Fecha de publicación, distribución, etc. 1970.
590 ## - NOTA LOCAL (RLIN)
Nota local Pertenece a la colección de Juan Isidro Jimenes Grullón
Existencias
Estado de retiro Estado de pérdida Restricciones de uso No para préstamo Código de colección Localización permanente Ubicación/localización actual Ubicación en estantería Fecha de adquisición Número de inventario Total de préstamos Signatura topográfica completa Código de barras Fecha visto por última vez Precio válido a partir de Tipo de ítem Koha
        Monografías: Libros y Folletos General General En catalogación 23.08.2011 LF1   xxxx 33288-10 25.06.2020 25.06.2020 Préstamo en sala

Con tecnología Koha